<?xml version="1.0" encoding="UTF-8"?><?xml-stylesheet type="text/xsl" href="static/style.xsl"?><OAI-PMH xmlns="http://www.openarchives.org/OAI/2.0/" xmlns:xsi="http://www.w3.org/2001/XMLSchema-instance" xsi:schemaLocation="http://www.openarchives.org/OAI/2.0/ http://www.openarchives.org/OAI/2.0/OAI-PMH.xsd"><responseDate>2026-04-27T12:45:38Z</responseDate><request verb="GetRecord" identifier="oai:uvadoc.uva.es:10324/32963" metadataPrefix="marc">https://uvadoc.uva.es/oai/request</request><GetRecord><record><header><identifier>oai:uvadoc.uva.es:10324/32963</identifier><datestamp>2025-03-26T19:10:04Z</datestamp><setSpec>com_10324_32619</setSpec><setSpec>com_10324_954</setSpec><setSpec>com_10324_894</setSpec><setSpec>col_10324_32620</setSpec></header><metadata><record xmlns="http://www.loc.gov/MARC21/slim" xmlns:doc="http://www.lyncode.com/xoai" xmlns:xsi="http://www.w3.org/2001/XMLSchema-instance" xmlns:dcterms="http://purl.org/dc/terms/" xsi:schemaLocation="http://www.loc.gov/MARC21/slim http://www.loc.gov/standards/marcxml/schema/MARC21slim.xsd">
<leader>00925njm 22002777a 4500</leader>
<datafield tag="042" ind1=" " ind2=" ">
<subfield code="a">dc</subfield>
</datafield>
<datafield tag="720" ind1=" " ind2=" ">
<subfield code="a">Kaan, Edith</subfield>
<subfield code="e">author</subfield>
</datafield>
<datafield tag="720" ind1=" " ind2=" ">
<subfield code="a">Futch, Corinne</subfield>
<subfield code="e">author</subfield>
</datafield>
<datafield tag="720" ind1=" " ind2=" ">
<subfield code="a">Fernández Fuertes, Raquel</subfield>
<subfield code="e">author</subfield>
</datafield>
<datafield tag="720" ind1=" " ind2=" ">
<subfield code="a">Mujcinovic, Sonja</subfield>
<subfield code="e">author</subfield>
</datafield>
<datafield tag="720" ind1=" " ind2=" ">
<subfield code="a">Álvarez de la Fuente, María Esther</subfield>
<subfield code="e">author</subfield>
</datafield>
<datafield tag="260" ind1=" " ind2=" ">
<subfield code="c">2018</subfield>
</datafield>
<datafield tag="520" ind1=" " ind2=" ">
<subfield code="a">Previous research suggests that native speakers quickly adapt to the properties of the language in the surrounding context. For instance, as they repeatedly read a structure that is initially nonpreferred or infrequent, they show a reduction of processing difficulty. Adaptation has been accounted for in terms of error-based learning: the error resulting from the difference between the expected and actual input leads to an adjustment of the knowledge representation, which changes future expectations. The present study tested whether experiencing an error is sufficient for adaptation. We compared native English speakers and second language (L2) learners’ processing of, and adaptation to, two types of temporarily ambiguous structures that were resolved toward the nonpreferred interpretation. Whereas both native English and L2 speakers showed increased reading times at the disambiguating word versus a nonambiguous control, our data suggest that only native English speakers adapted, and only to one of the two structures. These results suggest that experiencing an error is not sufficient for adaptation, and that factors such as ease of revision and task effects may play a role as well.</subfield>
</datafield>
<datafield tag="024" ind2=" " ind1="8">
<subfield code="a">Applied Psycholinguistics, 2018, p. 1-25</subfield>
</datafield>
<datafield tag="024" ind2=" " ind1="8">
<subfield code="a">0142-7164</subfield>
</datafield>
<datafield tag="024" ind2=" " ind1="8">
<subfield code="a">http://uvadoc.uva.es/handle/10324/32963</subfield>
</datafield>
<datafield tag="024" ind2=" " ind1="8">
<subfield code="a">10.1017/S0142716418000437</subfield>
</datafield>
<datafield tag="245" ind1="0" ind2="0">
<subfield code="a">Adaptation to syntactic structures in native and non-native sentence comprehension</subfield>
</datafield>
</record></metadata></record></GetRecord></OAI-PMH>